| 000 | 00515nam a2200181Ia 4500 | ||
|---|---|---|---|
| 003 | OSt | ||
| 005 | 20250311113556.0 | ||
| 008 | 210210b1954 xxu||||| |||| 00| 0 eng d | ||
| 040 | _cAL | ||
| 041 | _akan | ||
| 082 | _a859/18 | ||
| 100 |
_aANNARAYA MIRJI _9147743 _dಅಣ್ಣಾರಾಯ ಮಿರ್ಜಿ |
||
| 245 |
_aShriyamsa: bhaga 1: _bಶ್ರಿಯಾಂಸ ಭಾಗ ೧ |
||
| 260 |
_aBengaluru _bVahini Prakashana _c1954 |
||
| 690 |
_aKannada Fiction _9147744 |
||
| 906 | _a020804 | ||
| 942 |
_2ddc _cBK |
||
| 999 |
_c144962 _d144962 |
||